Normal view
MARC view
- Solana Salcedo, Rafael,
Entry Nombre Personal
001 - NUMERO DE CONTROL
- campo de control: 40562
003 - IDENTIFICADOR DE NUMERO DE CONTROL
- campo de control: UPN
005 - FECHA Y HORA DE LA ÜLTIMA TRANSACCIÓN
- campo de control: 20210219194558.0
008 - DATOS DE LONGITUD FIJA
- campo de control de longitud fija: nabaccnnaabn|||||||||| b |nc|||||d
035 ## - NUMERO DE CONTROL
- Número de control: UPN11000012669
040 ## - FUENTE DE CATALOGACIÓN
- Lenguaje de catalogación: SPA
- Agencia de transcripción: UPN
053 #4 - NÚMERO DE CLASIFICACIÓN LC
- Número de clasificación elemento-número único o número inicial de tramo: PQ7297
- Número de clasificación número de tramo final del elemento: S7.3
100 1# - ENCABEZAMIENTO - NOMBRE PERSONAL
- Nombre personal: Solana Salcedo, Rafael,
- Fechas asociadas con el nombre: 1915-1992
400 1# - VEÁSE - NOMBRE DE PERSONA
- Personal name: Solana, Rafael,
- Dates associated with a name: 1915-1992
670 ## - FUENTE EN LA QUE SE LOCALIZARON DATOS
- Cita de la fuente: T
- Uniform Resource Identifier: https://es.wikipedia.org/wiki/Rafael_Solana
680 ## - NOTA PUBLICA DE ACCESO PÚBLICO
- Frase explicativa de la referencia: Escritor mexicano del género dramático y narrativo representativo de varias obras modernistas y surrealistas al final del siglo XX
902 ## - CATALOGADOR
- Catalogador: BDV/06092017
